| 000 | 00748nam a2200217 u 4500 | ||
|---|---|---|---|
| 001 | 000055224 | ||
| 005 | 20200120223027.0 | ||
| 008 | 110301s1965 ck ag fr 000 0 spa d | ||
| 041 | 0 | _a*spa | |
| 043 | _as-ck--- | ||
| 082 | 0 | 4 |
_a784.4986 _bR67 _221 |
| 100 | 1 |
_aRosa, Andrés _d1911- |
|
| 245 | 1 | 0 |
_aEsencia, estilo y presencia del "rajaleña" / _cAndrés Rosa. |
| 260 |
_aBogotá : _bInstituto Caro y Cuervo, _c1965. |
||
| 300 |
_a39 p. : _bil., fots byn. |
||
| 500 | _aSeparata de "Thesaurus", Boletín del Instituto Caro y Cuervo, Tomo XIX, No. 3, 1964. | ||
| 650 | 1 | 4 |
_aMúsica Colombiana _xEnseñanza |
| 650 | 2 | 4 |
_aCanciones folclóricas _zhuilenses (Colombia) |
| 650 | 2 | 4 |
_aRajaleña (Música) _zHuila (Colombia) |
| 650 | 2 | 4 |
_aFolclor _zColombia. |
| 999 |
_c4788 _d4788 |
||